Enfoque centrado en la persona y docencia : la experiencia de fomentar espacios de autoconocimiento en un grupo de alumnos en el ITESO /

Kaydedildi:
Detaylı Bibliyografya
Yazar: González Oscoy, Emma Guadalupe (autor)
Materyal Türü: Tez Kitap
Dil:İspanyolca
Konular:
Etiketler: Etiketle
Etiket eklenmemiş, İlk siz ekleyin!

MARC

LEADER 00000nam^a2200000^a^4500
001 000294453
005 20250521000000.0
009 20260310112209.78
037 |a Acervo ITESO - Biblioteca 
041 |a ESP 
090 |a MDH. 76 
100 |a González Oscoy, Emma Guadalupe  |e (autor) 
245 1 0 |a Enfoque centrado en la persona y docencia :  |b la experiencia de fomentar espacios de autoconocimiento en un grupo de alumnos en el ITESO /  |c E.G. González Oscoy. 
264 |a Guadalajara, México :  |b edición de autor,  |c 2009 
300 |a 1 disco compacto de computadora 
336 |a datos para computadora  |b cod  |2 rdacontenido 
337 |a computadora  |b c  |2 rdamedio 
338 |a disco de computadora  |b cd  |2 rdasoporte 
502 |a ITESO Tesis de Maestría en Desarrollo Humano 
649 |a XX 
650 |a Alumnos -  |z Guadalajara, Jalisco -  |x Condiciones Sociales y Culturales 
650 |a Alumnos -  |z Jalisco -  |x Condiciones Sociales y Culturales 
650 |a Alumnos -  |z México -  |x Condiciones Sociales y Culturales 
650 |a Aprendizaje Significativo -  |x Tema Principal 
650 |a Competencias (Educación) 
650 |a Terapia Centrada en la Persona 
650 |a Proceso Educativo 
650 |a Universidades 
650 |a Educación Superior 
650 |a Psicología Educativa 
910 |a Fondo General 
920 |a Electrónicos - Tesis del ITESO en Disco 
905 |a 202 
901 |a 0500180420  |b IT2  |c STS  |u 20250521 
902 |a https://opac.biblio.iteso.mx/vufind/Record/000294453